| 000 | 00669nam a2200193Ia 4500 | ||
|---|---|---|---|
| 003 | GCL | ||
| 008 | 140319s9999 xx 000 0 ara d | ||
| 040 |
_aGCL / _cGCL |
||
| 082 | 0 | 4 |
_a822.008 _bم ص |
| 100 | 1 | _aكامل يوسف | |
| 245 | 1 | 0 |
_aصوت من الماضى: مسرحية تاريخية / _cكامل يوسف |
| 700 | 1 | _aمالون , ديماس | |
| 300 | _a210 ص | ||
| 490 |
_aالهيئة العامة للاستعلامات _v0 |
||
| 650 | 0 | 4 | _aالمسرحيات الانجليزية المترجمة |
| 650 | 0 | 4 | _aالادب الانجليزى - تراجم |
| 650 | 0 | 4 | _aالمسرحيات الانجليزية - مجموعات |
| 942 |
_2ddc _cBK |
||
| 999 |
_c51609 _d51609 |
||